000 00370 a2200169 4500
001 70113
020 _a8528101800
040 _cAnchieta - Itaigara
100 _aMachado, Ana Maria
240 1 0 _aNo imenso mar azeul
_lpor
245 1 0 _aNo imenso mar azeul
300 _a24
362 0 _a1998
440 1 _aSalamandra
650 4 _aLiteratura infantil
942 _cBK
999 _c70113
_d70113